000 01162naa a22003377a 4500
001 BR7703007
003 BR-BrBNA
005 20240918173948.0
007 ta
008 230509b bl.||||| |||| 00| 0 por d
040 _aBR-BrBNA
_bpor
_cBiblioteca Nacional de Agricultura
041 _a(Pt)
072 _aP12
_b0230
_bG443
090 _aP12 BR7703007
100 1 _aPyle, W.L.
111 1 _a4. Encontro Nacional dos Produtores de Acucar
_cCampos, RJ (Brazil)
_d1976
245 1 _aIrrigacao na cultura da cana de acucar [Saccharum officinarum; Hawaii]
260 3 _aCampos, RJ (Brasil):
_c1977.
500 _aCana de acucar, energia e desenvolvimento para o Brasil Campos, RJ (Brasil): 1977. p. 293-301 (BR7703007-AM)P12
650 _aIrrigacao
650 _aCana de acucar
650 _aIrrigacao por sulco
650 _aIrrigacao por aspersao
650 _aIrrigacao por gotejamento
650 _aRendimento
650 _aCusto
650 _aHavai
773 0 _tCana de acucar, energia e desenvolvimento para o Brasil
_wP12 BR7703007
_gCampos, RJ (Brasil), 1977. p. 293-301
909 _a202404
_bLucia
_c55
_dLucia Elande
942 _cAM
_2AGRIS
999 _c307991
_d307991